Normal view MARC view
  • Beckwith, T. G.

Entry Personal Name

Number of records used in: 4

001 - CONTROL NUMBER

  • control field: 7428

003 - CONTROL NUMBER IDENTIFIER

  • control field: NUST

005 - DATE AND TIME OF LATEST TRANSACTION

  • control field: 20171218120710.0

008 - FIXED-LENGTH DATA ELEMENTS

  • fixed length control field: 171218|| aca||aabn | a|a d

040 ## - CATALOGING SOURCE

  • Original cataloging agency: NUST
  • Transcribing agency: NUST

100 ## - HEADING--PERSONAL NAME

  • Personal name: Beckwith, T. G.
  • Fuller form of name: (Thomas G.)

670 ## - SOURCE DATA FOUND

  • Source citation: Work cat.: (NUST)0: Beckwith, T. G. (Thomas G.), Mechanical measurements /, [1990]
© 2023 Central Library, National University of Sciences and Technology. All Rights Reserved.